000 02274nam0a2200409 4500
001 RU\NLR\bibl\536789
005 20250609152700.0
010 _a5-7629-0427-X
_975
021 _aRU
_b2004-6479
_9333
035 _aRSL-KNO-002408284
035 _a(NLR Aleph) 000529061
090 _a1341332
_c1341332
100 _a20040312d2002 |||y0rusy50 ca
101 0 _arus
102 _aRU
105 _aa |||||||||
106 _ar
200 1 _aСхемотехническое моделирование микросхем с помощью программы OrCAD 9.1
_eУчеб. пособие
_e[Для студентов спец. 200300, магистров направления 550700]
_fВ.М. Шилков
_gМ-во образования РФ, С.-Петерб. гос. электротехн. ун-т "ЛЭТИ"
210 _aСПб.
_cИзд-во СПбГЭТУ "ЛЭТИ"
_d2002
215 _a31, [1] с.
_cил.
_d21
225 1 _aУчебное пособие
320 _aБиблиогр.: с. 31 (4 назв.)
606 0 _aORCAD 9.1, система автоматизированного проектирования печатных плат
_jРуководства, пособия и т.п. для высшей школы
_92260205
_3RU\NLR\auth\661355248
606 0 _aORCAD 9.1, система автоматизированного проектирования печатных плат
_jУчебные издания для высших учебных заведений
_92260205
_3RU\NLR\auth\661355248
606 0 _aИнтегральные схемы
_jРуководства, пособия и т.п. для высшей школы
_xСАПР
_92341161
_3RU\NLR\auth\661399385
606 0 _aИнтегральные схемы
_jУчебные издания для высших учебных заведений
_xСАПР
_92341161
_3RU\NLR\auth\661399385
686 _aЗ844.15-02-5-05я73-1
_2rubbk
686 _aЗ844.15-02-5-05я73-1
700 1 _aШилков
_bВ. М.
_gВалентин Михайлович
_4070
801 0 _aRU
_bRuMoRKP
_c20040312
_gPSBO
801 1 _aRU
_bRuMoRKP
_c20040312
801 2 _aRU
_bNLR
_c20040706
_gPSBO
830 _aАвт. по кн.
942 _cBOOK
980 _aNB